| 000 | 00599nam a2200205 i 4500 | ||
|---|---|---|---|
| 001 | bgj | ||
| 100 | 1 | _aWETZ, Ben | |
| 245 | 1 | 0 |
_aAdventures : _bpodręcznik dla gimnazjum : student's book : intermediate / _cBen Wetz ; Mick Gammidge. |
| 260 |
_aOxford : _bOxford University Press, _c2005. |
||
| 300 |
_a128 pp : _bill. ; _c28 cm. |
||
| 650 | 9 | _aEnglish language | |
| 655 | _aTextbooks for foreigners | ||
| 700 | 1 |
_aGAMMIDGE, Mick. _eco-author |
|
| 020 | _a0194703835 | ||
| 040 | _cBPK | ||
| 041 | 0 | _aeng | |
| 920 | _a0-19-470383-5 | ||
| 942 | _cKS | ||
| 008 | s uk f |000 0 eng | ||
| 999 |
_c48965 _d48965 |
||